Enciclopedia de México (Record no. 9582)

MARC details
000 -CABECERA
campo de control de longitud fija 01205nam a2200241 a 4500
001 - NÚMERO DE CONTROL
campo de control BRL_770
005 - FECHA Y HORA DE LA ÚLTIMA TRANSACCIÓN
campo de control 20190320210904.0
008 - DATOS DE LONGITUD FIJA--INFORMACIÓN GENERAL
campo de control de longitud fija 081015m19661970mx-abc####---#000-0#spa-#
041 ## - CÓDIGO DE LENGUA
Código de lengua del texto/banda sonora o título independiente spa
044 ## - CÓDIGO DEL PAÍS DE LA ENTIDAD EDITORA/PRODUCTORA
Código MARC del país mx
050 #4 - SIGNATURA TOPOGRÁFICA DE LA BIBLIOTECA DEL CONGRESO
Número de clasificación F1204
Número de documento/Ítem .E53 1966
245 10 - MENCIÓN DE TÍTULO
Título Enciclopedia de México
Mención de responsabilidad, etc. director José Rogelio Alvarez.
260 ## - PUBLICACIÓN, DISTRIBUCIÓN, ETC.
Lugar de publicación, distribución, etc. México
Nombre del editor, distribuidor, etc. Instituto de la Enciclopedia de México
Fecha de publicación, distribución, etc. 1966-1970
300 ## - DESCRIPCIÓN FÍSICA
Extensión v.
Otras características físicas il.(algunas a color), facsimilares, mapas (algunos a color), planos, retratos.
Dimensiones 30 cm.
500 ## - NOTA GENERAL
Nota general v.1 Au1162; v.2 Au1161; v.3 Au1160; V.4 Au1159
500 ## - NOTA GENERAL
Nota general Ver también número de sistema 1032 perteneciente al Fondo Ruth Lechuga
500 ## - NOTA GENERAL
Nota general Incluye dedicatoria a Ruth Lechuga
500 ## - NOTA GENERAL
Nota general Todo lo mexicano ordenado alfabéticamente: antropología, arqueología, arte, bibliografía, biografías, ciencias , derecho, economía, estadística, etimología, etnografía, fauna y flora, folclore, geociencias, historia, instituciones, léxico regional, literatura, metología, música, paremiología, semántica, sociología, toponimia, turismo, etc.
651 #4 - PUNTO DE ACCESO ADICIONAL DE MATERIA--NOMBRE GEOGRÁFICO
Nombre geográfico México
Subdivisión de forma Enciclopedias
9 (RLIN) 5918
700 1# - PUNTO DE ACCESO ADICIONAL--NOMBRE DE PERSONA
Nombre de persona Álvarez, José Rogelio
Fechas asociadas al nombre 1922-2011
9 (RLIN) 24891
902 ## - CATALOGADOR
Iniciales GRL
942 ## - ELEMENTOS DE PUNTO DE ACCESO ADICIONAL (KOHA)
Fuente del sistema de clasificación o colocación Library of Congress Classification
Tipo de ítem Koha Libros
Holdings
Estado de retiro Estado de pérdida Estado dañado No para préstamo Localización permanente Ubicación/localización actual Fecha de adquisición Total de préstamos Signatura topográfica completa Código de barras Fecha visto por última vez Precio válido a partir de Tipo de ítem Koha
El ejemplar forma parte de la colección y puede ser consultado según las políticas vigentes.       Biblioteca Centro de Estudios Ruth D. Lechuga Biblioteca Centro de Estudios Ruth D. Lechuga 04/10/2013   F1204 .E53 1966 GRL01124 22/03/2019 22/03/2019 Libros
El ejemplar forma parte de la colección y puede ser consultado según las políticas vigentes.       Biblioteca Centro de Estudios Ruth D. Lechuga Biblioteca Centro de Estudios Ruth D. Lechuga 08/10/2015   F1204 .E53 1966 GRL01125 22/03/2019 22/03/2019 Libros
El ejemplar forma parte de la colección y puede ser consultado según las políticas vigentes.       Biblioteca Centro de Estudios Ruth D. Lechuga Biblioteca Centro de Estudios Ruth D. Lechuga 08/10/2015   F1204 .E53 1966 GRL01126 22/03/2019 22/03/2019 Libros
El ejemplar forma parte de la colección y puede ser consultado según las políticas vigentes.       Biblioteca Centro de Estudios Ruth D. Lechuga Biblioteca Centro de Estudios Ruth D. Lechuga 08/10/2015   F1204 .E53 1966 GRL01127 22/03/2019 22/03/2019 Libros